Phycology

Bibliographic Details
Main Author: Lee, Robert Edward , 1942- (Author)
Format: Book
Language:English
Edition:Fifth edition
Subjects:

MARC

LEADER 00000cam a2200000 7i4500
001 0000099065
005 20201221093000.0
008 200812s2018 nyu eng
020 |a 9781107555655 
040 |a UniSZA   |e rda 
050 0 0 |a QK566   |b .L44 2018 
090 0 0 |a QK566   |b .L44 2018 
100 1 |a Lee, Robert Edward ,   |d 1942- ,   |e author 
245 1 0 |a Phycology   |c Robert Edward Lee 
250 |a Fifth edition 
264 0 |a New York, NY :   |b Cambridge University Press   |c 2018 
300 |a xii, 535 pages :   |b illustrations ; ;   |c 25 cm. 
336 |a text  |2 rdacontent 
337 |a unmediated  |2 rdamedia 
338 |a volume  |2 rdacarrier 
504 |a Includes bibliographical references and index 
505 0 |a 1. Introduction -- 2. The prokaryotic algae -- 3. Evolution of the chloroplast -- 4. Evolution of one membrane of chloroplast endoplasmic reticulum -- 5. Evolution of two membranes of chloroplast endoplasmic reticulum and the chlorarachniophyta 
650 0 |a Algology 
999 |a 1000180326   |b Book   |c Open Shelf (1 Day)   |e Tembila Campus